00849cam a2200265 a 450000100100000000500170001000800410002702000150006804000290008308200250011210000370013724500440017425000120021826000370023030000210026749000210028865000280030965000310033783000280036891000280039691000070042404900090043195201280044099900150056800000861520200929161355.0920303s1994 sp 000 f spa d a8432205842 aDO-SdBNPbspacLCdBNPHU a863.64bL791Ll, 19941 aLlamazares, Julio,d1955-91344113aLa lluvia amarilla /cJulio Llamazares. a22a ed. aBarcelona :bSeix Barral,c1994. a143 p. ;c20 cm.1 aBiblioteca breve 4aNovela española91123 4aLiteratura española9632 0aBiblioteca breve913442 aCatalogación derivada aWM aBNGR 001054708MOaGRbGRcHDd2009-09-17iLF1l0o863.64 L791Ll, 1994p8615-10r2020-06-25w2020-06-25y4ZPréstamo en sala c8385d8385